|
|
|
|
| LEADER |
00000nab a2200000 a 4500 |
| 001 |
vtls000074825 |
| 003 |
SK-MaSNL |
| 005 |
20260304180959.0 |
| 008 |
250423c1980 xo 0 slo |
| 015 |
|
|
|a SNBRB19rr/mm-uuuuu
|
| 035 |
|
|
|a CL0084926
|
| 035 |
|
|
|a urn:nbn:sk:snk-abezxq
|
| 035 |
|
|
|a (urnnbn)urn:nbn:sk:snk:ar-0050qi
|
| 035 |
|
|
|a (uuid)2026acb6-c0b0-46be-b170-86db4f4d92ff
|
| 040 |
|
|
|a SNKBUCL
|b slo
|c SNKBUCL
|e AACR2
|
| 041 |
0 |
|
|a slo
|
| 044 |
|
|
|a xo
|c SK
|
| 080 |
|
|
|a 82:92:886.3
|2 1981
|
| 080 |
|
|
|a 886.3
|2 1981
|
| 080 |
|
|
|a 92 Smolej, Viktor
|2 1981
|
| 080 |
|
|
|a 82.035
|2 1981
|
| 080 |
|
|
|a 885.4(=863)
|2 1981
|
| 080 |
|
|
|a 885.4.035(=863)
|2 1981
|
| 100 |
1 |
|
|a Ambruš, Jozef,
|d 1914-1993
|4 aut
|9 107506
|
| 245 |
1 |
0 |
|a Metodologické problémy interpretácie umeleckého textu
|c Jozef Ambruš ; Viktor Ambruš
|
| 500 |
|
|
|a Správny názov článku má znieť: Sedemdesiatka Viktora Smoleja.
|
| 600 |
1 |
7 |
|a Smolej, Viktor,
|d 1910-1992
|2 snkbucl
|9 48344
|
| 650 |
0 |
7 |
|a slovenská literatúra
|2 snkbucl
|9 1115
|
| 650 |
0 |
7 |
|a literárny preklad
|2 snkbucl
|9 28595
|
| 650 |
0 |
7 |
|a slovakistika
|2 snkbucl
|9 20944
|
| 655 |
|
7 |
|a články z novín a časopisov
|2 snkbucl
|9 267496
|
| 655 |
|
7 |
|a články z odboru literárna veda a krásna literatúra
|2 snkbucl
|9 770045
|
| 700 |
1 |
|
|a Ambruš, Viktor
|4 aut
|9 1510924
|
| 773 |
0 |
|
|t Slovenská literatúra
|g Roč. 27, č. 5 (1980), s. 491-493
|
| 850 |
|
|
|a Slovenská národná knižnica
|
| 852 |
|
|
|a Slovenská národná knižnica
|
| 954 |
|
|
|a odborná, vedecká literatúra pôvodná (slovenská)
|2 lita
|
| 958 |
|
|
|a article27
|
| 958 |
|
|
|a RK
|
| 958 |
|
|
|a LX
|
| 958 |
|
|
|a OND
|
| 958 |
|
|
|a EUIPO
|
| 992 |
|
|
|a RBX
|
| 999 |
|
|
|c 3021021
|d 3022951
|